00854cam a2200265 a 45000010009000000050017000090080041000260100017000670200041000840200038001250200018001630200015001810400018001960410008002140800015002220820015002371000007002521010008002592450082002675040051003499060045004009420012004459990017004579520114004741550835620180109072651.0081103s2009 nyua b 001 0 eng  a 2008940925 a9780312463410 (instructor's edition) a0312463413 (instructor's edition) a9780312463168 a0312463162 aDLCcDLCdDLC aeng a426.8 CLA 2426.8 CLA a46 aEDU00aLanguage awareness :c[edited by] Paul Eschholz, Alfred Rosa, Virginia Clark. aIncludes bibliographical references and index. a7bcbccorignewd2eepcnf20gy-gencatlg 2ddccBK c39911d39911 00102udc40708PËKGa002b002cPËKGd2018-01-09l0o426.8 CLAp002-2994968r2018-01-09w2018-01-09yBK